Gares des Yvelines - Statistiques

Statistiques générales
  • Ce quiz a été pris 313 fois
    82 depuis la dernière actualisation
  • Le résultat moyen est 39 sur 82
Statistiques - réponses
Nombre de voyageurs Gares % Correct
21 427 872 Versailles Chantiers
89%
6 166 920 Versailles Château Rive Gauche
89%
5 410 543 Versailles Rive Droite
89%
5 923 522 Saint Cyr
79%
8 983 680 Mantes la Jolie
75%
1 186 883 Plaisir - Les Clayes
75%
10 585 018 Saint Quentin en Yvelines - Montigny le Bretonneux
75%
3 869 976 Plaisir - Grignon
74%
11 878 444 Poissy
74%
3 547 034 Trappes
74%
2 422 700 Viroflay Rive Droite
72%
5 243 758 Viroflay Rive Gauche
72%
3 337 962 Saint Germain en Laye
70%
800 369 Saint Germain en Laye Bel Air Fourqueux
70%
5 059 405 Rambouillet
69%
16 450 470 Houilles - Carrières sur Seine
67%
1 615 796 Saint Nom la Bretèche Forêt de Marly
67%
10 355 462 Sartrouville
67%
188 426 Achères Grand Cormier
66%
3 694 037 Achères Ville
66%
1 414 302 Epone - Maizières
66%
1 861 655 Villepreux - Les Clayes
61%
3 984 511 La Verrière
59%
4 883 031 Les Mureaux
59%
1 322 775 Chaville - Vélizy
57%
4 154 142 Conflans Sainte Honorine
54%
8 319 877 Maisons Laffitte
54%
1 157 747 Mantes Station
54%
2 056 048 La Celle Saint Cloud
51%
974 465 Le Vésinet Centre
51%
1 436318 Le Vésinet Le Pecq
51%
1 863 939 Marly le Roi
51%
2 001 814 Montreuil
51%
1 578 758 Chatou - Croissy
49%
616 344 Montfort l'Amaury - Méré
48%
2 811 279 Vernouillet - Verneuil
48%
1 057 190 Houdan
46%
970 429 Louveciennes
46%
628 974 Saint Rémy les Chevreuse
46%
1 683 413 Aubergenville - Elisabethville
44%
1 292 054 Fontenay le Fleury
44%
769 993 Porchefontaine
44%
724 079 Triel sur Seine
44%
777 732 Bougival
43%
722 412 Le Perray
43%
812 866 Les Essarts le Roi
43%
823 705 Limay
43%
580 684 Coignières
41%
174 869 Beynes
39%
931 600 Chanteloup les Vignes
39%
308 645 Issou - Porcheville
39%
726 829 Jouy en Josas
39%
309 498 Maule
39%
695 997 Villiers - Neauphle - Pontchartrain
39%
6 697 282 Conflans Fin d'Oise
38%
740 542 Meulan - Hardricourt
38%
557 869 Gargenville
36%
354 395 Noisy le Roi
36%
443 476 Rosny sur Seine
36%
336 319 Gazeran
34%
509 395 L'étang la Ville
34%
161 582 Petit Jouy - Les Loges
34%
579 152 Andrésy
33%
339 637 Garancières - La Queue
33%
106 557 Mareil sur Mauldre
33%
326 980 Bailly
31%
214 663 Tacoignières - Richebourg
31%
1 037 553 Villennes sur Seine
31%
488 969 Les Clairières de Verneuil
30%
263 640 Orgerus - Béhoust
30%
431 154 Vaux sur Seine
30%
654 946 Maurecourt
28%
88 357 Nézel - Aulnay
28%
821 412 Bonnières sur Seine
26%
328 513 Bréval
26%
207 004 Vauboyen
26%
295 228 Mareil Marly
23%
360 537 Juziers
21%
476 983 Thun le Paradis
20%
46 010 Allée Royale
15%
521 227 Lisière Pereire
13%
53 359 Portes de Saint Cyr
11%
Aucun quiz correspondant
Distribution des résultats
% des personnes avec chaque résultat
Percentile par nombre de réponses
Votre historique - résultats
Vous n’avez pas pris ce quiz depuis la dernière actualisation